• 首页
  • 本馆介绍
  • 公告通知
  • 最新文献
  • 馆藏检索
  • 电子资源
  • 读者导购
  • 参考咨询
  • 我的图书馆
  • 登录
  • 详细信息显示
  • 放入我的书架
  • 预约/预借图书
  • 作者相关作品
  • 分类相关作品
  • 丛书相关作品
  • 出版社相关作品

书目信息

  • 表格格式
  • 工作单格式
  • 卡片格式
题名:
家电维修技术
    
 
作者: ;电子行业职业技能鉴定指导中心 编
分册: 7   卫星接收技术
出版信息: 北京   电子工业出版社  2000
页数: 268页
开本: 26cm
丛书名:
单 册:
中图分类: TM925.07 , TM807
科图分类:
主题词: 高电压--技术--维修--技术教育--教材
电子资源:
ISBN: 7-5053-5310-1
000 00969nam0 2200241 450
001 1536182256
005 20150130100338.35
010    @a7-5053-5310-1@dCNY24.00
100    @a20000811d2000 em y0chiy0110 ea
101 0  @achi
102    @aCN@b110000
105    @ay z 000yy
200 1  @a家电维修技术@9jia dian wei xiu ji shu@h7@i卫星接收技术@f电子行业职业技能鉴定指导中心编
210    @a北京@c电子工业出版社@d2000
215    @a268页@d26cm
300    @a新编全国家电维修培训教材 电视台教育节目用书 家用电子产品维修工职业技能培训教材 军队影视技术兵职业技能培训教材
330    @a本册主要介绍了卫星电视广播系统和卫星电视接收机的原理与维修,并对卫星接收及共用天线接收系统和数字卫星广播系统作了介绍。
606 0  @a高电压@x技术@x维修@x技术教育@j教材
690    @aTM925.07@v5
690    @aTM807@v4
711 02 @a电子行业职业技能鉴定指导中心@9dian zi hang ye zhi ye ji neng jian ding zhi dao zhong xin@4编
801  0 @aCN@bTSSF@c20150130
905    @aZUCC@dTM807@eJY123:7
    
    家电维修技术.7.卫星接收技术/电子行业职业技能鉴定指导中心编.-北京:电子工业出版社,2000
    268页;26cm
    新编全国家电维修培训教材 电视台教育节目用书 家用电子产品维修工职业技能培训教材 军队影视技术兵职业技能培训教材
    
    ISBN 7-5053-5310-1:CNY24.00
    本册主要介绍了卫星电视广播系统和卫星电视接收机的原理与维修,并对卫星接收及共用天线接收系统和数字卫星广播系统作了介绍。
●
相关链接 在E读中查询图书 在五车中查询图书 在当当中查询图书 在豆瓣中查询图书


正题名:家电维修技术     索取号:TM807/JY123:7         预约/预借

序号 登录号 条形码 馆藏地/架位号 状态 备注
1 7862665   278626658   学院路分馆/ [索取号:TM807/JY123:7] 在馆    
2 7862666   278626667   学院路分馆/ [索取号:TM807/JY123:7] 在馆    
3 7862667   278626676   学院路分馆/ [索取号:TM807/JY123:7] 在馆    
4 7862668   278626685   学院路分馆/ [索取号:TM807/JY123:7] 在馆    
唐山师范学院图书馆 欢迎您!
大连网信软件有限公司© 版权所有